Statistics for New Zealand Rugby All Blacks - Head Coaches

Click here to take the quiz!

General Stats

  • This quiz has been taken 163 times
    (62 since last reset)
  • The average score is 8 of 20

Answer Stats

YearsCoach% Correct
2004-2011Graham Henry
91%
2012-2019Steve Hansen
87%
2020-2021Ian Foster
80%
2001-2003John Mitchell
78%
1992-1995Laurie Mains
76%
2000-2001Wayne Smith
75%
1996-1999John Hart
73%
1985-1987Brian Lochore
65%
1988-1991Alex Wyllie
51%
1966-1968Fred Allen
51%
1983-1984Bryce Rope
29%
1979-1980Eric Watson
16%
1974-1976J.J Stewart
16%
1977-1978Jack Gleeson
9%
1981-1982Peter Burke
7%
1969-1971Ivan Vodanovich
5%
1972-1973Bob Duff
4%
1958-1960Jack Sullivan
4%
1961-1965Neil McPhail
2%
1962Ron Bush
2%

Score Distribution

Percentile by Number Answered

Percent of People with Each Score

Your Score History

You have not taken this quiz since the last reset